000 00618cam a22002173a 4500
001 35108
003 PGUSA
005 20140828083745.0
008 110129s2011||||xxu|||||s|||||000 | eng d
040 _aPGUSA
_beng
042 _adc
245 1 0 _aStories of the Nibelungen for Young People
_h[electronic resource] /
_cVarious
260 _bProject Gutenberg,
_c2011
506 _aPublic domain in the USA.
516 _aElectronic text
700 1 _aSchottenfels, Gertrude R.
700 1 _aGilbert, John C.
830 0 _aProject Gutenberg
_v35108
856 4 0 _uhttp://www.gutenberg.org/ebooks/35108
942 _cEB
999 _c264363
_d264363